000 00907nam a22002897a 4500
001 7077
003 FISKH
005 20250620094917.0
008 250620b cb ||||| |||| 00| 0 eng d
020 _a033500713002
040 _aFISKH
_beng
_cFISKH
_dFISKH
050 _aPZ7.W649 B
082 _a813
100 _aWilkin, Esther
245 _aThe new baby /
_cBy Esther Wilkin ; Pictures by Eloise Wilkin
260 _aNew York :
_bA golden Book,
_c1962.
300 _a24 unnumbered pages :
_bcolor illustrations ;
_c21 cm
490 _aA little golden book
505 _aG
520 _aA little girl learns to care for her baby doll by watching her mother care for her baby sister.
521 8 _a380
_bLexile estimate
521 8 _aG
_bRaz-Plus
650 _aFamily and Morals
_vPicture book
700 _aWilkin,Eloise
_eillustrator
942 _2ddc
_cBK
_n0
999 _c7077
_d7077